000 00613nam a2200229Ia 4500
008 200601s9999 xx 000 0 und d
020 _a1-84509-288-0
050 _aREF CR 101
050 _b.C67 2006
100 _aConstantino, Maria.
245 0 _aPocket guide to flags /
245 0 _cMaria Constantino.
260 _aThailand :
260 _bSilverdale Books,
260 _c2006
300 _a240 pages :
300 _billustrations ;
300 _c17 cm.
500 _aInclude index.
650 _aFlags -- Handbooks, manuals, etc.
650 _xEmblems, National -- Handbooks, manualsm etc.
999 _c363281
_d363281